000 00391cam a2200145ua 4500
041 _aeng
_h
082 _a824
_bCLA/RP
100 _aClarke, C C .
245 _aRomantic paradox: An Essay on the poetry of Wordsworth /
_cC C Clarke.
_hTextual Documents
260 _aLondon :
_bRoutledge & Kegan Paul Ltd ,
_c1962.
300 _a101 ; .
504 _a
942 _cBK
999 _c3955
_d3955